Mundus symbolicus in emblematum universitate formatus, explicatus et tam sacris quam profanis eruditionibus ac sententiis illustratus

Detalles Bibliográficos
Autor principal: PICINELLO, Felipe
Formato: Libro
Publicado: Colonia 1687
Materias:
Colección:Banco de datos
Acervo:Biblioteca del Museo Regional de Querétaro. INAH. Querétaro
Descripción Física:t. I
Tema general:Historia Eclesiástica
Notas:Regular. 4J7,15. Ex libris manuscrito del Convento de Nuestra Señora de los Angeles de Churubusco.
LEADER 00870nam a22002050004500
035 |a 23773 
036 |a 34 
100 1 |a PICINELLO, Felipe 
245 1 0 |a Mundus symbolicus in emblematum universitate formatus, explicatus et tam sacris quam profanis eruditionibus ac sententiis illustratus 
260 |a Colonia  |b Germán Demen imp.  |c 1687 
300 |a t. I 
500 |a Regular. 4J7,15. Ex libris manuscrito del Convento de Nuestra Señora de los Angeles de Churubusco. 
650 1 0 |a Historia Eclesiástica 
949 |a C.R.Q. 
959 |a Ex convento Grande de San Francisco de la ciudad de Querétaro, Museo Regional de Querétaro  |b CCC2 
960 |a Convento Nuestra Señora de los Angeles Churubusco ciudad de México  |b DD69 
961 |a Franciscana  |b OF 
942 |c C.R.Q. 
943 |g Biblioteca del Museo Regional de Querétaro. INAH. Querétaro 
999 |c 980089  |d 980089